Dielo späté s ľudom K nedožitým 75. narodeninám národného umelca Fraňa Kráľa

Bibliographic Details
Main Author: Vaško, Imrich, 1936-2010 (Author)
Format: Article
Language:Slovak
PhysicalDescription:Fot. 2.
Subjects:

MARC

LEADER 00000nab a2200000 a 4500
001 vtls000315767
003 SK-MaSNL
005 20260303230651.0
008 111201c1978 xo 0 slo
015 |a SNBRB19rr/mm-uuuuu 
035 |a CL0005859 
040 |a SNKBUCL  |b slo  |c SNKBUCL  |e AACR2 
041 0 |a slo 
044 |a xo  |c SK 
080 |a 82:929:885.4  |2 1981 
080 |a 885.4"19"  |2 1981 
080 |a 885.4(091)"19"  |2 1981 
080 |a 92 Kráľ, Fraňo  |2 1981 
100 1 |a Vaško, Imrich,  |d 1936-2010  |4 aut  |9 206049 
245 1 0 |a Dielo späté s ľudom  |b K nedožitým 75. narodeninám národného umelca Fraňa Kráľa  |c Imrich Vaško 
300 |b Fot. 2. 
600 1 7 |a Kráľ, Fraňo,  |d 1903-1955  |2 snkbucl  |9 25061 
655 7 |a články z novín a časopisov  |2 snkbucl  |9 267496 
655 7 |a články z odboru literárna veda a krásna literatúra  |2 snkbucl  |9 770045 
773 0 |t Východoslovenské noviny  |g Roč. 27, č. 58 (9. 3. 1978), s. /4/ 
850 |a Slovenská národná knižnica v Martine  |a MTA001 
852 |a SNK  |b KIS3GCP 
958 |a RK 
958 |a LX 
992 |a RBX 
999 |c 2263399  |d 2265329